Heinlein's juvenile novels : (Record no. 8998)
[ view plain ]
| 000 -LEADER | |
|---|---|
| fixed length control field | 01255cam a22002774a 4500 |
| 001 - CONTROL NUMBER | |
| control field | 16789197 |
| 003 - CONTROL NUMBER IDENTIFIER | |
| control field | OSt |
| 005 - DATE AND TIME OF LATEST TRANSACTION | |
| control field | 20150917102217.0 |
| 008 - FIXED-LENGTH DATA ELEMENTS--GENERAL INFORMATION | |
| fixed length control field | 110520s2011 ncu bd 000 0 eng |
| 010 ## - LIBRARY OF CONGRESS CONTROL NUMBER | |
| LC control number | 2011020107 |
| 020 ## - INTERNATIONAL STANDARD BOOK NUMBER | |
| International Standard Book Number | 9780786444632 (pbk. : alk. paper) |
| 020 ## - INTERNATIONAL STANDARD BOOK NUMBER | |
| International Standard Book Number | 0786444630 (pbk. : alk. paper) |
| 035 ## - SYSTEM CONTROL NUMBER | |
| System control number | (OCoLC)ocn706409845 |
| 040 ## - CATALOGING SOURCE | |
| Original cataloging agency | SEKU |
| 042 ## - AUTHENTICATION CODE | |
| Authentication code | pcc |
| 050 00 - LIBRARY OF CONGRESS CALL NUMBER | |
| Classification number | PS 3515 .E2 |
| Item number | Z4 2011 |
| 100 1# - MAIN ENTRY--PERSONAL NAME | |
| Personal name | Sullivan, Charles Wm. |
| Fuller form of name | (Charles William), |
| Dates associated with a name | 1944- |
| 245 10 - TITLE STATEMENT | |
| Title | Heinlein's juvenile novels : |
| Remainder of title | a cultural dictionary |
| Statement of responsibility, etc. | C.W. Sullivan, III. |
| 260 ## - PUBLICATION, DISTRIBUTION, ETC. (IMPRINT) | |
| Place of publication, distribution, etc. | Jefferson, N.C. : |
| Name of publisher, distributor, etc. | McFarland & Co., |
| Date of publication, distribution, etc. | c2011. |
| 300 ## - PHYSICAL DESCRIPTION | |
| Extent | ix, 182 p. ; |
| Dimensions | 23 cm. |
| 490 0# - SERIES STATEMENT | |
| Series statement | Critical exploration in science fiction and fantasy ; |
| Volume/sequential designation | 32 |
| 504 ## - BIBLIOGRAPHY, ETC. NOTE | |
| Bibliography, etc | Includes bibliographical references. |
| 520 ## - SUMMARY, ETC. | |
| Summary, etc. | "Robert A. Heinlein was one of the most revered science fiction writers in America during the twentieth century. He published his early, juvenile science fiction novels between 1947 and 1958. This comprehensive work explores Heinlein's juvenile novels, providing pertinent definitions and explanations to aid the reader"--Provided by publisher. |
| 600 10 - SUBJECT ADDED ENTRY--PERSONAL NAME | |
| Personal name | Heinlein, Robert A. |
| Fuller form of name | (Robert Anson), |
| Dates associated with a name | 1907-1988 |
| Form subdivision | Dictionaries. |
| 942 ## - ADDED ENTRY ELEMENTS (KOHA) | |
| Source of classification or shelving scheme | Library of Congress Classification |
| Koha item type | General circulation |
| Withdrawn status | Lost status | Source of classification or shelving scheme | Damaged status | Not for loan | Home library | Current library | Shelving location | Date acquired | Source of acquisition | Full call number | Barcode | Date last seen | Price effective from | Koha item type | Public note |
|---|---|---|---|---|---|---|---|---|---|---|---|---|---|---|---|
| Library of Congress Classification | SEHSS - Library | SEHSS - Library | General Stacks | 17/09/2015 | Donation-Books for Africa | [EHS] PS 3515 .E2 Z4 2011 | 2015/007954 | 17/09/2015 | 17/09/2015 | General circulation | amk |